Statistics for KPOP: Name the groups

Click here to take the quiz!

General Stats

  • This quiz has been taken 634 times
    (616 since last reset)
  • The average score is 68 of 394

Answer Stats

Groups% Correct
BTS
97%
Black Pink
94%
Twice
93%
EXO
87%
Stray Kids
85%
GI
84%
NCT
84%
Girls' Generation
83%
Red Velvet
83%
B.I.G.
82%
Big Bang
81%
Seventeen
81%
TXT
81%
ITZY
80%
Got7
78%
Mamamoo
75%
SHINee
75%
2NE1
72%
Ateez
72%
Super Junior
72%
(G)I-DLE
70%
2PM
68%
BtoB
68%
iKon
68%
Monsta X
66%
GFriend
65%
AOA
64%
I.O.I
64%
IZ
64%
2AM
63%
Day6
62%
IZ One
62%
Apink
61%
f(x)
61%
Momoland
61%
Wonder Girls
61%
4Men
60%
CLC
60%
Pentagon
59%
Astro
57%
S.I.S.
57%
Block B
56%
4Minute
55%
Eve
55%
Loona
55%
Sistar
55%
TVXQ
55%
Wanna One
55%
Miss A
53%
The Boyz
53%
Winner
53%
VIXX
52%
K.A.R.D.
49%
Dreamcatcher
48%
T-ara
48%
NU'EST
47%
EXID
46%
B.A.P
44%
KARA
44%
Cosmic Girls
43%
Oh My Girl
43%
Oneus
43%
H.O.T
42%
Infinite
42%
SF9
41%
After School
40%
Fromis 9
40%
Girl's Day
40%
Highlight
38%
S.E.S.
37%
The Rose
37%
Pristin
34%
A.C.E
33%
Cherry Bullet
33%
Golden Child
33%
Lovelyz
33%
Be.A
32%
Brown Eyed Girls
32%
CNBLUE
32%
Shinhwa
32%
April
31%
Gugudan
30%
Orange Caramel
30%
Teen Top
30%
Weki Meki
30%
N.Flying
29%
Victon
29%
F.T. Island
28%
Boyfriend
27%
Brave Girls
27%
Akdong Musician
26%
B1A4
26%
Secret
26%
U-Kiss
26%
DIA
25%
UN
25%
Lady
24%
Onewe
24%
VAV
24%
100%
23%
Crayon Pop
23%
UP10TION
23%
ONF
22%
ZE:A
22%
Ladies' Code
21%
24K
20%
G.O.D
20%
Hello Venus
20%
MBLAQ
20%
Rainbow
20%
Fiestar
19%
JYJ
19%
KNK
19%
Triple H
19%
Nine Muses
18%
Trouble Maker
18%
Verivery
18%
GWSN
17%
JBJ
17%
Laboum
17%
Sonamoo
17%
Stellar
17%
Dal Shabet
16%
Epik High
16%
Hotshot
15%
Nature
15%
Sechs Kies
15%
Uniq
15%
Xeno-T
15%
15&
13%
Glam
13%
History
13%
Rania
13%
SS501
13%
Cross Gene
12%
Davichi
12%
A-Jax
11%
Baby Vox
11%
Fin.K.L.
11%
IN2IT
11%
Noir
11%
Berry Good
10%
Bestie
10%
Imfact
10%
Madtown
10%
Myname
10%
Speed
10%
SPICA
10%
UNI.T
10%
Bigflo
9%
Boys Republic
9%
C Clown
9%
D-Crunch
9%
Dream Note
9%
Elris
9%
Kiss
9%
14U
8%
4L
8%
AA
8%
MAP6
8%
Myteen
8%
Romeo
8%
Seo Tai Ji
8%
Snuper
8%
The Grace
8%
TRCNG
8%
UNB
8%
Big Star
7%
Blady
7%
Busters
7%
I.B.I
7%
Milk
7%
Pink Fantasy
7%
Top Secret
7%
TRAX
7%
Turbo
7%
4Ten
6%
A.cian
6%
AlphaBat
6%
A-Prince
6%
Big Mama
6%
Chocolat
6%
Coed School
6%
EvoL
6%
Favorite
6%
Fly to the Sky
6%
HALO
6%
Jewelry
6%
JJCC
6%
LedT
6%
Melody Day
6%
MXM
6%
NeonPunch
6%
Seven O'Clock
6%
Target
6%
TST
6%
Vromance
6%
2eyes
5%
5urprise
5%
8Eight
5%
Bolbbalgan4
5%
Brown Eyes
5%
Click-B
5%
Cool
5%
DMTN
5%
F.Cuz
5%
F-ve Dolls
5%
Good Day
5%
High4
5%
Honey Popcorn
5%
Jinusean
5%
MAS
5%
Mr. Mr.
5%
MVP
5%
N-Sonic
5%
Playback
5%
P.O.P
5%
Rainz
5%
Tahiti
5%
The Boss
5%
The SeeYa
5%
Vanner
5%
Varsity
5%
Wassup
5%
1Punch
4%
2000 Won
4%
2Yoon
4%
5tion
4%
Black Pearl
4%
Buzz
4%
Chakra
4%
Cleo
4%
C-Real
4%
Deux
4%
D.Holic
4%
Gangkiz
4%
Hash Tag
4%
Homme
4%
Koyote
4%
LC9
4%
Luv
4%
M.I.B
4%
MOBB
4%
MyB
4%
Noel
4%
NTB
4%
N-Train
4%
Royal Pirates
4%
Skarf
4%
SM Town
4%
Sunny Hill
4%
Tiny-G
4%
WANNA.B
4%
Wings
4%
2NB
3%
Apeace
3%
As One
3%
Bastarz
3%
Black Beat
3%
Bob Girls
3%
Boys24
3%
Brown Eyed Soul
3%
Clover
3%
CocoSori
3%
DJ DOC
3%
Drug Restaurant
3%
D-Unit
3%
Dynamic Duo
3%
Gavy NJ
3%
Girl Friends
3%
GP Basic
3%
HeartB
3%
Hi Suhyun
3%
Honey G
3%
Honeyst
3%
JQT
3%
JtL
3%
Lip Service
3%
Lunafly
3%
M4M
3%
MASC
3%
M&D
3%
Miss S
3%
Papaya
3%
Phantom
3%
Puretty
3%
R.ef
3%
Roo'ra
3%
SG Wannabe
3%
She'z
3%
Shinvi
3%
Sunny Days
3%
Supernova
3%
Tasty
3%
The East Light
3%
The Legend
3%
T-max
3%
Touch
3%
Tritops
3%
Two X
3%
Unicorn
3%
Unnies
3%
V.O.S
3%
We Girls
3%
WJMK
3%
Wonder Boyz
3%
015B
2%
24Hours
2%
Almeng
2%
Badkiz
2%
Battle
2%
Beatwin
2%
Big Brain
2%
BONUSBaby
2%
BTL
2%
Bye Bye Sea
2%
Can
2%
CHI CHI
2%
December
2%
Duetto
2%
GBB
2%
Geeks
2%
Goofy
2%
Hyukoh
2%
J-Walk
2%
LPG
2%
Maywish
2%
Mighty Mouth
2%
Monday Kiz
2%
M.Pire
2%
Nasty Nasty
2%
NRG
2%
One Way
2%
Queendom
2%
Rhythm Power
2%
Rooftop Moonlight
2%
Rubber Soul
2%
Seo Taiji and Boys
2%
Shu-I
2%
SM Rookies
2%
SM the Ballad
2%
Standing Egg
2%
Toheart
2%
TREN-D
2%
Troy
2%
Ulala Session
2%
Untouchable
2%
Urban Zakapa
2%
Year 7 Class 1
2%
Baechigi
1%
Bambino
1%
Bohemian
1%
Boys Generally Asian
1%
BP Rania
1%
Bulldog Mansion
1%
Cherry Filter
1%
C.I.V.A.
1%
DickPunks
1%
Humming Urban Stereo
1%
JYP Nation
1%
Leessang
1%
Lucky J
1%
MC the Max
1%
Mind U
1%
Namgida Band
1%
One Day
1%
Peppertones
1%
Play the Siren
1%
Pretty Brown
1%
Second Moon
1%
Sharp
1%
SM The Performance
1%
Sorea Band
1%
The Barberettes
1%
Toy
1%
TREI
1%
Tutti
1%
Typhoon
1%
YG Family
1%
Yurisangja
1%
ZPZG
1%
AB Avenue
0%
Answer
0%
Eyes On You Tour
0%
Global Icon
0%
Hyeongseop X Euiwoong
0%
JDPP
0%
Kangta & Vanness
0%
Kiha & The Faces
0%
Longguo & Shihyun
0%
Loveholics
0%
SSAW
0%
Supreme Team
0%
The Pink Lady
0%

Score Distribution

Percentile by Number Answered

Percent of People with Each Score

Your Score History

You have not taken this quiz since the last reset